000 00588cam a22001932 4500
001 0000001098
005 20151217155807.0
008 070226s xx 000 0 eng d
040 _aKABU
_cKABU
050 0 _aBV2500
_b.H49
100 1 _aHewitt, Gordon.
_@0000149625
245 1 4 _aThe Problem of success :
_ba history of the Church Missionary Society 1910-1942, volume one ...
300 _axx, 506 p.
362 0 _avol. 1.
610 2 0 _aChurch Missionary Society.
_@0000149626
908 _a070226
950 _@1
999 _c12490
_d12490